Olivia Rodrigo - SOUR or GUTS Click Quiz #2 - Statistics

General Stats
  • This quiz has been taken 85 times
  • The average score is 9 of 9
Answer Stats
Hint Answer % Correct
ballad of a homeschooled girl GUTS
98%
making the bed GUTS
98%
obsessed GUTS
98%
so american GUTS
98%
drivers license SOUR
98%
good 4 u SOUR
98%
favorite crime SOUR
97%
scared of my guitar GUTS
95%
1 step forward, 3 steps back SOUR
92%
No matching quizzes found
Score Distribution
Percent of People with Each Score
Percentile by Number Answered
Your Score History
You have not taken this quiz